000 01537nam a2200445 i 4500
001 9264
003 KOSZ 005
005 20210505115249.0
008 070823s1970 pl a g 000 0 pol
015 _aPB 1970/8322
035 _a(PL-WaBN)b1970186x-48omnis_nlop
035 _ab1970186x
035 _a(OCoLC)749247273
035 _a(PL)b000001970186x
040 _aWA N
_cWA N
_dKOSZ 005/RW
046 _k1970
080 _a796/799(091):613.7:301
100 1 _aDemel, Maciej
_d(1923-2017)
_eAutor
245 1 0 _aWprowadzenie do rekreacji fizycznej :
_belementy historii, teorii i metodyki /
_cMaciej Demel, Włodzimierz Humen.
260 _aWarszawa :
_b"Sport i Turystyka",
_c1970.
300 _a185, [3] stron :
_bilustracje ;
_c23 cm.
336 _aTekst
_btxt
_2rdacontent
337 _aBez urządzenia pośredniczącego
_bn
_2rdamedia
338 _aWolumin
_bnc
_2rdacarrier
380 _aKsiążki
388 _a1901-2000
504 _aBibliografia na stronach 183-[186].
658 _aKultura fizyczna i sport
650 7 _aSocjologia
650 7 _aOrganizacja
650 7 _aHistoria
650 7 _aSport
_2DBN
650 7 _aOdpoczynek
_2DBN
650 7 _aWychowanie fizyczne
_2DBN
700 1 _aHumen, Włodzimierz
_d(1904-1972).
_eAutor
710 2 _aWydawnictwo Sport i Turystyka
_4pbl
856 _uhttp://koha.tu.koszalin.pl/cgi-bin/koha/opac-detail.pl?biblionumber=9264
_yKatalog online BPK
942 _2UKD
_cKS
999 _c9264
_d9264